000 03805cam a22006254i 4500
003 PE-LiUPU
005 20250731173401.0
008 150706s2006 pe a rb 000 0 spa d
035 _a(Sirsi) a49366
040 _aPE-LiUPU
_bspa
_cPE-LiUPU
_erda
049 _aPRUA
082 0 4 _a248.83
_bB172
_221
100 1 _aBalabarca Cardenas, Yván,
_eautor.
245 1 0 _aNoviazgo de éxito 2 /
_cYván Balabarca Cardenas.
264 1 _aLima :
_bCentro de aplicación Editorial Imprenta Unión,
_c[2006].
300 _a170 páginas ;
_c17 centímetros
336 _atext
_2rdacontent
337 _aunmediated
_2rdamedia
338 _avolume
_2rdacarrier
504 _aIncluye bibliografía.
505 0 _aUn breve vistazo bíblico al noviazgo -- Una perspectiva del noviazgo -- La clave de todo es la amistad -- El amor, una definición biológica. Su entendimiento y los problemas de su mal uso -- La adolescencia y el amor -- Las tres dimensiones del amor -- Malas prácticas en el noviazgo -- Conductas sexuales de riesgo -- Cuando una relación se termina -- Palabras finales.
526 _aSEG42
526 _aSEG41
526 _aSEG40
526 _aSEG39
526 _aP94
526 _aP87
526 _aP86
526 _aP85
526 _aP77
526 _aP76
526 _aP35
650 0 4 _aNoviazgo.
910 _agl
_bjv
_cng
_d20110214
942 _2ddc
_cBOOK
949 _a248.83 B17 2
_wDEWEY
_c1
_i62597
_lCCODEBUL1
_mBUL
_p06.00
_r0
_sY
_tLIBRO
_u2015-07-06
_xBIBLIOTECA
_zUNKNOWN
_o.STAFF. Colección Teología
949 _a248.83 B17 2
_wDEWEY
_c2
_i62598
_lCCODEBUL1
_mBUL
_p06.00
_r0
_sY
_tLIBRO
_u2015-07-06
_xBIBLIOTECA
_zUNKNOWN
_o.STAFF. Colección Teología
949 _a248.83 B17 2
_wDEWEY
_c3
_i62594
_lCCODEBUL1
_mBUL
_p06.00
_r0
_sY
_tLIBRO
_u2015-07-06
_xBIBLIOTECA
_zUNKNOWN
_o.STAFF. Colección Teología
949 _a248.83 B17 2
_wDEWEY
_c4
_i62596
_lCCODEBUL1
_mBUL
_p06.00
_r0
_sY
_tLIBRO
_u2015-07-06
_xBIBLIOTECA
_zUNKNOWN
_o.STAFF. Colección Teología
949 _a248.83 B17
_wDEWEY
_c1
_iFJ12756
_lCCODEBUJ1
_mBUJ
_p6.00
_r0
_sY
_tBOOK
_u2019-03-11
_xBIBLIOTECA
_zUNKNOWN
_0COMPRA
_o.STAFF. Colección General Juliaca
949 _a248.83 B17
_wDEWEY
_c2
_iFJ12757
_lCCODEBUJ1
_mBUJ
_p6.00
_r0
_sY
_tBOOK
_u2019-03-11
_xBIBLIOTECA
_zUNKNOWN
_0COMPRA
_o.STAFF. Colección General Juliaca
994 _aC0
_bPEPRU
596 _a1 3
999 _a248.83 B17 2
_wDEWEY
_c51705
_i62597
_d51705
_e2018-9-9
_f2021-11-10
_g5
_lCCODEBUL1
_mBUL
_n17
_p6.00
_q1
_r0
_sY
_tBOOK
_u2015-7-6
_xTEOLOGIA
_PP35
_0COMPRA
_o.STAFF. Colección Teología
999 _a248.83 B17 2
_wDEWEY
_c2
_i62598
_d2017-11-6
_lLOST
_mBUL
_p6.00
_q1
_r1
_sY
_tBOOK
_u2015-7-6
_xBIBLIOTECA
_zUNKNOWN
_o.STAFF. Colección General
999 _a248.83 B17 2
_wDEWEY
_c3
_i62594
_d2019-5-17
_e2018-9-12
_f2021-11-10
_g5
_lCCODEBUL1
_mBUL
_n21
_p6.00
_q3
_r0
_sY
_tBOOK
_u2015-7-6
_xTEOLOGIA
_zUNKNOWN
_0COMPRA
_o.STAFF. Colección Teología
999 _a248.83 B17 2
_wDEWEY
_c4
_i62596
_d2016-8-22
_e2015-7-24
_lLOST
_mBUL
_n1
_p6.00
_r1
_sY
_tBOOK
_u2015-7-6
_xBIBLIOTECA
_zUNKNOWN
_o.STAFF. Colección General
999 _a248.83 B17 2006
_wDEWEY
_c1
_iFJ12756
_d2019-6-25
_e2019-6-10
_lCCODEBUJ1
_mBUJ
_n5
_p10.00
_q9
_r0
_sY
_tBOOK
_u2019-3-11
_xBIBLIOTECA
_zUNKNOWN
_0COMPRA
_o.STAFF. Colección General Juliaca
999 _a248.83 B17 2006
_wDEWEY
_c2
_iFJ12757
_d2019-5-20
_e2019-5-15
_lCCODEBUJ1
_mBUJ
_n4
_p10.00
_q7
_r0
_sY
_tBOOK
_u2019-3-11
_xBIBLIOTECA
_zUNKNOWN
_0COMPRA
_o.STAFF. Colección General Juliaca
980 _81
_gALBERTO SANCHEZ Responsable de Automatización